| 000 | 00911cab a2200253 4500 | ||
|---|---|---|---|
| 001 | ABS48862 | ||
| 008 | 090401t1993 xxu||||| |||| 00| 0 eng d | ||
| 035 | _a(Sirsi) u68862 | ||
| 041 | _aeng | ||
| 100 | _aMynors, C. | ||
| 245 | _aM`learned friend | ||
| 260 | _c1993 | ||
| 350 | _a0 | ||
| 490 |
_aContext _v(38) June 1993, 18-19(2) |
||
| 520 | _aMajor transport schemes, which were authorised by an Act of Parliament, are now authorised by an Order made under Transport and Works Act 1992 s1 or s3. This article looks at obtaining listed building consent and conservation area consent for such schemes. | ||
| 650 | _aCONSERVATION AREAS | ||
| 650 | _aLISTED BUILDING CONSENT | ||
| 650 | _aLISTED BUILDINGS | ||
| 650 | _aTRANSPORT AND WORKS (INQUIRIES PROCEDURE) RULES 1992 | ||
| 650 | _aTRANSPORT AND WORKS ACT 1992 | ||
| 690 | _aPLANNING LAW AND PRACTICE | ||
| 942 | _n0 | ||
| 948 | _c04/03/1997 | ||
| 999 |
_c43231 _d43231 |
||